Statistiques concernant Les personnages de The Boys

Cliquez ici pour prendre le quiz!

Statistiques générales

  • Ce quiz a été pris 37 fois
  • Le résultat moyen est 9 sur 12

Statistiques - réponses

HintRéponse% Correct
LaserLe Protecteur
97%
BarbeButcher
94%
GangsterLe Français
90%
LumièreStella
87%
SupersoniqueA-Train
84%
NinjaBlack Noir
84%
PapaLa Crème
74%
EauL'Homme-Poisson
74%
JusticeHughie
71%
AssumeReine Maeve
65%
Mon cœurKimiko
61%
Translucide
29%

Distribution des résultats

Percentile par nombre de réponses

% des personnes avec chaque résultat

Votre développement - résultats

Vous n’avez pas pris ce quiz